| 000 | 00891cab a2200253 4500 | ||
|---|---|---|---|
| 001 | ABS57663 | ||
| 008 | 090401t1997 xxu||||| |||| 00| 0 eng d | ||
| 035 | _a(Sirsi) u81013 | ||
| 041 | _aeng | ||
| 100 | _aCullingworth, R. | ||
| 245 | _aNew legislation improves access for the disabled | ||
| 260 | _c1997 | ||
| 350 | _a0 | ||
| 490 |
_aCSM (Chartered Surveyor Monthly) _v7(1) September 1997, 32-33(2) |
||
| 520 | _aOutlines the Disability Discrimination Act 1995 and explains the implications for chartered surveyors. | ||
| 650 | _aABOUT RICS-RICS MEMBERS | ||
| 650 | _aDISABILITY DISCRIMINATION ACT 1995 | ||
| 650 | _aMANAGEMENT-BUSINESS MANAGEMENT-DISCRIMINATION-DISABILITY DISCRIMINATION-ACCESSIBILITY | ||
| 650 | _aDISABLED FACILITIES | ||
| 650 | _aDISABLED PEOPLE | ||
| 690 | _aMANAGEMENT-BUSINESS MANAGEMENT-PROFESSIONAL PRACTICE | ||
| 942 | _n0 | ||
| 948 | _c22/09/1997 | ||
| 999 |
_c51037 _d51037 |
||